10 państw najbliżej Gwinei Równikowej (z mapą) - Statystyki

Ogólne statystyki
  • Ten quiz został rozwiązany 33 razy
  • Średni wynik to 9 z 10
Odpowiedzi na mapie
Odpowiedzi zakodowano w zielono-czerwonej skali na mapie do tego quizu, zgodnie z poniższymi procentami.
 
Statystyki odpowiedzi
km Państwo % Poprawnych
678 Demokratyczna Republika Konga
100%
203 Kongo
100%
105 Nigeria
100%
664 Angola
97%
0 Kamerun
97%
537 Republika Środkowoafrykańska
97%
750 Czad
94%
0 Gabon
90%
713 Benin
84%
223 Wyspy Świętego Tomasza i Książęca
84%
Nie znaleziono quizów pasujących do podanych kryteriów
Rozkład punktacji
Procent ludzi z każdym wynikiem
Percentyl według liczby udzielonych odpowiedzi
Twoja historia wyników
Nie rozwiązałeś tego quizu